Rukoväť holiaceho strojčeka a driek rukoväti

Bibliographic Details
Corporate Author: The Gillette Company Massachusetts (Boston, Spojené štáty americké) (Patent holder)
Other Authors: Chaulk, Donald Robert (Originator), Fucci, Joseph George (Originator), Metcalf, Stephen (Originator), Trotta, Robert Anthony (Originator), Worrick, Charles Bridgham (Originator), Aprille, Domenic Vincent (Originator)
Format: Book
Language:Slovak
PhysicalDescription:19 s. obr. 30 cm
Published: [Banská Bystrica] Úrad priemyselného vlastníctva SR [2009]
Subjects:

MARC

LEADER 00000cam a2200000 a 4500
001 vtls009842311
003 SK-MaSNL
005 20260301025633.0
008 251120s2009 xo a j f000 0 slo
013 |a 286638  |b xxu  |c patent  |d 20090205  |e dátum nadobudnutia účinkov patentu (Vestník ÚPV SR č.: 2/2009)  |d 20090204  |e dátum sprístupnenia patentu 
013 |a 67-2006  |e číslo prihlášky  |d 19970408  |e dátum podania prihlášky  |d 19990413  |e dátum zverejnenia prihlášky (Vestník ÚPV SR č.: 04/1999 ) 
013 |a 08/630 437  |e číslo prioritnej prihlášky  |d 19960410  |e dátum podania prioritnej prihlášky  |b US  |e kód krajiny prioritnej prihlášky 
015 |a SNBN2015 
035 |a (SVKBBclas03)vtls000307476 
040 |a SNK  |b slo  |c SNK  |e AACR2 
041 0 |a slo 
044 |a xo  |c SK 
072 7 |a 672  |x Predmety zo železa a ocele  |2 konspekt 
072 7 |a 687  |x Odevný priemysel. Kozmetika. Kaderníctvo. Starostlivosť o vzhľad  |2 konspekt 
080 |a 672.715.3  |2 2001 
080 |a 687.53.052  |2 2001 
084 |a B26B 21/00  |2 IPC 
084 |a B26B 21/08  |2 IPC 
245 0 0 |a Rukoväť holiaceho strojčeka a driek rukoväti  |c Domenic Vincent JR Apprille ... [et al.] ; patent. zást. Zuzana Hörmannová 
260 |a [Banská Bystrica]  |b Úrad priemyselného vlastníctva SR  |c [2009] 
300 |a 19 s.  |b obr.  |c 30 cm 
650 0 7 |a holiace strojčeky  |2 SVKBBPH  |9 321974 
650 0 7 |a Razors  |2 SNKPHeng  |9 321975 
655 7 |a patenty  |2 SNKPH  |9 177343 
655 7 |a patent licenses  |2 SNKPHeng  |9 303430 
700 1 |a Chaulk, Donald Robert  |4 org  |9 321976 
700 1 |a Fucci, Joseph George  |4 org  |9 321977 
700 1 |a Hörmannová, Zuzana  |4 oth  |9 303433 
700 1 |a Metcalf, Stephen  |4 org  |9 321978 
700 1 |a Trotta, Robert Anthony  |4 org  |9 321979 
700 1 |a Worrick, Charles Bridgham  |4 org  |9 321980 
700 1 |a Aprille, Domenic Vincent  |4 org  |9 321981 
710 2 |a The Gillette Company Massachusetts (Boston, Spojené štáty americké)  |4 pth  |9 321982 
999 |c 573045  |d 574975 
952 |a SNK  |b SNK  |y PREZ  |7 0  |p 17A1172755  |o snkSK 286638  |i snk2015/28201  |8 0  |0 0  |1 0  |4 0  |d 2015-10-08  |l 0  |r 2026-02-23 14:22:52  |w 2026-02-23